000 01902ncm0a2200349 4500
001 RU\NLR\ONIZ\212923
005 20250624195821.0
035 _a(NLR Aleph) 010892415
071 2 0 _aс 5038 к
090 _a10561539
_c10561539
100 _a20130403d2008 |||y0rusy50 ca
101 0 _aeng
_arus
102 _aRU
125 _azx
145 0 _ab
200 1 _aДважды два
_bНоты
_dTwo times two
_eфортепиано
_fА. Кнайфель
_gисполн. ред. и коммент. М. Кирилловой
_zeng
210 _aСанкт-Петербург
_cКомпозитор - Санкт-Петербург
_d2008
215 _a3 с.
_d30 см
313 _aСистематизация документа проведена по изданию - Методика классифицирования музыкальных произведений (нотных изданий) по таблицам Библиотечно-библиографических классификаций : метод. рекомендации / Гос. б-ка СССР им. В.И. Ленина.- М., 1977. Индексу ББК методических рекомендаций присваивается код ББК для научных библиотек - LBC/SL
686 _aЩ954.2-058.9(2Р)
_vLBC/SL
_2rubbk
700 1 _9z01790
_aКнайфель
_bА. А.
_f1943-
_gАлександр Аронович
_4230
702 1 _9z02790
_aКириллова
_bМ. И.
_cсост.
_gМаргарита Исидоровна
_4340
_4210
790 1 _9z01700
_aKnaifel
_bA. A.
_f1943-
_gAleksandr Aronovich
_4230
790 1 _9z02702
_aKirillova
_bM. I.
_gMargarita Isidorovna
_4340
_4210
801 0 _aRU
_bNLR
_c20130403
_gPSBO
801 1 _aRU
_bNLR
_c20130403
_2rusmarc
801 2 _aRU
_bNLR
_c20151110
852 _aNLR
_bМ
_jК-3/27676
_p257543
_t1
942 _cSCORE
980 _aNB
980 _aONIZ